Normal view
MARC view
Entry Personal Name
001 - CONTROL NUMBER
- control field: 160755
003 - CONTROL NUMBER IDENTIFIER
- control field: OSt
005 - DATE AND TIME OF LATEST TRANSACTION
- control field: 20220923211542.0
008 - FIXED-LENGTH DATA ELEMENTS
- fixed length control field: 220923|| aca||aabn | a|a d
040 ## - CATALOGING SOURCE
- Original cataloging agency: OSt
- Transcribing agency: OSt
100 ## - HEADING--PERSONAL NAME
- Personal name: ਰੁਪਾਲੋ੍ਵ੍ਵ, ਸੰਦੀਪ ਸਿੰਘ, ਂਚ
670 ## - SOURCE DATA FOUND
- Source citation: Work cat.: (OSt)300694: ਰੁਪਾਲੋ੍ਵ੍ਵ, ਸੰਦੀਪ ਸਿੰਘ, ਂਚ., ਖੂਨ Fਹੀਦਾ ਦਾ, 2018
